El ingenioso hidalgo don Quijote de la Mancha / (Record no. 43561)

MARC details
000 -LEADER
campo de control de longitud fija 01085nam a2200265 i 4500
001 - NÚMERO DE CONTROL
campo de control 43561
003 - IDENTIFICADOR DE NÚMERO DE CONTROL
campo de control ES-MaACL
005 - FECHA Y HORA DE LA ÚLTIMA TRANSACCIÓN
campo de control 20250905131044.0
007 - CAMPO FIJO DE DESCRIPCIÓN FÍSICA--INFORMACIÓN GENERAL
campo de control de longitud fija t|
008 - DATOS DE LONGITUD FIJA--INFORMACIÓN GENERAL
campo de control de longitud fija 030318s1901 sp a |||| | spa d
080 ## - NÚMERO DE LA CLASIFICACIÓN DECIMAL UNIVERSAL
Número de la Clasificación Decimal Universal 821.134.2-31"15"
100 1# - ENTRADA PRINCIPAL--NOMBRE DE PERSONA
Nombre de persona Cervantes Saavedra, Miguel de,
Fechas asociadas al nombre 1547-1616
9 (RLIN) 226514
240 10 - TÍTULO UNIFORME
Título uniforme Don Quijote de la Mancha
245 13 - MENCIÓN DEL TÍTULO
Título El ingenioso hidalgo don Quijote de la Mancha /
Mención de responsabilidad, etc. compuesto por Miguel de Cervantes Saavedra.
250 ## - MENCION DE EDICION
Mención de edición Ed. ilustrada con dibujos de M. Ángel, grabados por Carretero y Sampietro, y aumentada con un apéndice crítico biográfico por M. Rodríguez-Navas.
260 ## - PUBLICACIÓN, DISTRIBUCIÓN, ETC.
Lugar de publicación, distribución, etc. Madrid :
Nombre del editor, distribuidor, etc. Saturnino Calleja,
Fecha de publicación, distribución, etc. 1901.
300 ## - DESCRIPCIÓN FÍSICA
Extensión XIX, 796 p. :
Otras características físicas il. ;
Dimensiones 23 cm.
490 1# - MENCIÓN DE SERIE
Mención de serie Biblioteca perla ;
Designación de volumen o secuencia 20
700 1# - ENTRADA AGREGADA--NOMBRE PERSONAL
Nombre de persona Ángel, Manuel,
Fechas asociadas al nombre 1855-1921
9 (RLIN) 21708
700 1# - ENTRADA AGREGADA--NOMBRE PERSONAL
Nombre de persona Rodríguez-Navas, Manuel.
9 (RLIN) 131977
830 0# - PUNTO DE ACCESO ADICIONAL DE SERIE-TÍTULO UNIFORME
Título uniforme Biblioteca perla ;
Designación de volumen o secuencia 20
9 (RLIN) 229876
852 ## - LOCALIZACIÓN
Ubicación ES-MaACL
Número de control de estantería B-1673
Nota libre . - Dedicatoria autógrafa del ilustrador Manuel Ángel
-- - Enc. cart. con ilustración
852 ## - LOCALIZACIÓN
Ubicación ES-MaACL
Número de control de estantería L-31970
Holdings
Estatus retirado Estado de pérdida Estado de daño No para préstamo Biblioteca de origen Biblioteca actual Ubicación en estantería Fecha de adquisición Fuente de adquisición Total de préstamos Signatura topográfica completa Código de barras Visto por última vez Precio de reemplazo Tipo de ítem Koha
        Biblioteca del Ateneo de Madrid Biblioteca del Ateneo de Madrid Depósito 2 26/04/2018     L-31970 1198771 23/02/2023 23/02/2023 Libro impreso antiguo
        Biblioteca del Ateneo de Madrid Biblioteca del Ateneo de Madrid Sala Pardo Bazán 17/01/2008     B-1673 1045856 23/02/2023 23/02/2023 Libro impreso antiguo